| 000 | 00000nam##2200000za#4500 |
| 001 | 9.643694 |
| 003 | CaOODSP |
| 005 | 20210624224305 |
| 007 | cr ||||||||||| |
| 008 | 150407|2015||||xxc|||||o f|0| 0 fre|d |
| 020 | |a978-0-660-22576-0 |
| 040 | |aCaOODSP|bfre |
| 043 | |an-cn--- |
| 086 | 1 |aEn14-106/3-2015F-PDF |
| 110 | 1 |aCanada. |bEnvironnement Canada. |
| 245 | 10|aÉvaluation préalable finale - approche pour le secteur pétrolier : |h[ressource électronique]|bfuel-oil n° 2 [Combustibles] / |c[publié conjointement avec] Santé Canada. |
| 260 | |aOttawa - Ontario : |bEnvironnement Canada |cFévrier 2015. |
| 300 | |a113p.|bréférences, tableaux |
| 500 | |a«Numéro de registre du Chemical Abstracts Service 68476-30-2» |
| 590 | |a15-12|b2015-03-20 |
| 775 | 08|tFinal screening assessment - petroleum sector stream approach : |w(CaOODSP)9.699718 |
| 856 | 40|ahttp://publications.gc.ca|qPDF|s793 Ko|uhttps://publications.gc.ca/collections/collection_2015/ec/En14-106-3-2015-fra.pdf |